Creating the market - Die Anfänge der Werbung im 17. und 18. Jahrhundert

Faktory, ktoré prispely k vzniku témy reklama z historického pohľadu.

Gespeichert in:
Bibliographische Detailangaben
1. Verfasser: Strobl, Philipp Luis
Format: Buchkapitel
Sprache:Deutsch
Schlagworte:
Tags: Tag hinzufügen
Keine Tags, Fügen Sie das erste Tag hinzu!

MARC

LEADER 00000naa a2200000 4500
001 0166120
005 20240502072908.9
041 0 |a ger 
044 |a SK 
245 1 0 |a Creating the market - Die Anfänge der Werbung im 17. und 18. Jahrhundert  |c Philipp Luis Strobl 
520 |a Faktory, ktoré prispely k vzniku témy reklama z historického pohľadu. 
610 2 0 |a jazykoveda 
610 2 0 |a nemčina 
610 2 0 |a reklama 
610 2 0 |a história 
100 1 |a Strobl, Philipp Luis